Artistes français ayant vendu le plus de disques - Statistiques

Statistiques générales
  • Ce quiz a été pris 411 fois
  • Le résultat moyen est 4 sur 15
Statistiques - réponses
Disques vendus (en millions) Musicien % Correct
110 Johnny Hallyday
90%
95 Michel Sardou
59%
180 Charles Aznavour
51%
67 Claude François
51%
170 Dalida
29%
180 Mireille Mathieu
26%
600 Tino Rossi
23%
80 Sheila
22%
50 Joe Dassin
20%
80 Jean-Michel Jarre
11%
90 Richard Clayderman
5%
50 Enrico Macias
4%
70 André Verchuren
2%
80 Gloria Lasso
1%
93 Manitas de Plata
1%
Aucun quiz correspondant
Distribution des résultats
% des personnes avec chaque résultat
Percentile par nombre de réponses
Votre historique - résultats
Vous n’avez pas pris ce quiz